Statistics for The Emperor's New Groove - Characters by Picture

Click here to take the quiz!

General Stats

  • This quiz has been taken 21 times
  • The average score is 9 of 35

Answer Stats

Answer% Correct
Kronk
100%
Emperor Kuzco
92%
Pacha
77%
Yzma
77%
Tipo
54%
Chicha
46%
Chaca
38%
Bucky
31%
Malina
23%
Papi
23%
Azma
15%
Coach Sweaty
15%
Dirk Brock
15%
Guaca
15%
Homework
15%
Kavo
15%
Marge
15%
Mata
15%
Miss Birdwell
15%
Moxie
15%
Mr. Flaco Moleguaco
15%
Ramon
15%
Rudy
15%
The Royal Recordkeeper
15%
Tina
15%
Yatta
15%
Yupi
15%
Yu / Tu
15%
Curi / Cuxi / Cuca
8%
Ipi
8%
Mr. Notaempa
8%
Mr. Purutu
8%
Ozker
8%
Princess Lalala
8%
Topo
8%

Score Distribution

Percentile by Number Answered

Percent of People with Each Score

Your Score History

You have not taken this quiz